| 000 | 01013nam a22003017a 4500 | ||
|---|---|---|---|
| 001 | 310 | ||
| 003 | FISKH | ||
| 005 | 20230320111219.0 | ||
| 008 | 230320b cb ||||| |||| 00| 0 eng d | ||
| 020 | _a0525447148 | ||
| 040 |
_aDLC _cDLC _beng _dFISKH |
||
| 042 | _alcac | ||
| 050 | 0 | 0 |
_aPZ7.M64 _bCf 1992 |
| 082 | 0 | 0 |
_a823.912 _220 |
| 100 | 1 |
_aMilne, A. A. _q(Alan Alexander), _d1882-1956. |
|
| 245 | 1 | 0 |
_aChristopher Robin gives Pooh a party / _cA.A. Milne ; decorations by Ernest H. Shepard. |
| 260 |
_aNew York _bDutton Children's Books _c1990 |
||
| 300 |
_a14 leaves of plates _bcol. ill. ; _c15 cm. |
||
| 505 | _aM | ||
| 520 | _aChristopher Robin has a party to celebrate Pooh's Clever Idea. Includes a pewter charm of Pooh on a ribbon. | ||
| 521 | 8 |
_a800
_bLexile |
|
| 521 | 8 |
_aM
_bRaz-Plus |
|
| 650 | 1 |
_aToys _xFiction. |
|
| 650 | 1 |
_aParties _xFiction. |
|
| 700 | 1 |
_aShepard, Ernest H. _q(Ernest Howard), _d1879-1976, _eill. |
|
| 906 |
_a7 _bcbu _corignew _d2 _encip _f19 _gy-gencatlg |
||
| 942 |
_2lcc _cBK _n0 |
||
| 999 |
_c310 _d310 |
||